01087 a2200193 4500003000500000005001700005010001600022020001700038040000900055082001800064100002100082245010700103260004600210300003300256440005200289505048100341650004300822700002800865Nust20221118174258.0 a 86026542 a0201095181 : cNust00a621.38043,STR1 aStrum, Robert D.10aFirst principles of discrete systems and digital signal processing /cRobert D. Strum, Donald E. Kirk. aReading, Mass. :bAddison-Wesley,cc1988. axv, 848 p. :bill. ;c25 cm. 0aAddison-Wesley series in electrical engineering aIntroduction (Page-1), Signals and Systems (Page-17), Linear Time Invariant Systems (Page-77), Frequency Response and Filters (Page-165), Frequency Response- A Graphical Method (Page-243), Transforms (Page-281), Discrete Fourier Transform (Page-363), The fast Transform (Page-493), No recursive Filter Design (Page-529), Recursive Filter Design (Page-611), Structures State Equations and Applications (Page-721), Appendices (Page-791), Answers to Selected Problems (Page-833). 0aSignal processingxDigital techniques.1 aKirk, Donald E.,d1937-